| 000 | 01091cab a2200301 4500 | ||
|---|---|---|---|
| 001 | ABS49668 | ||
| 008 | 090401t1993 xxu||||| |||| 00| 0 eng d | ||
| 035 | _a(Sirsi) u72239 | ||
| 041 | _aeng | ||
| 245 | _aInntrepreneur Estates Ltd v Mason and another | ||
| 260 | _c1993 | ||
| 350 | _a0 | ||
| 490 |
_aEstates Gazette _v(1993) 45 EG 130-140(10) |
||
| 520 | _aQBD 11 March 1993. An application to set aside default judgement in a claim for possession and rent arrears for a public house with tie provisions. The issues deliberated included the application of article 85 of the Treaty of Rome, an implied annual tenancy and the rent payable under such a tenancy, trade debt claim and mesne profits. | ||
| 650 | _aEC LAW | ||
| 650 | _aEXEMPTION | ||
| 650 | _aLEASES | ||
| 650 | _aLICENSED PREMISES | ||
| 650 | _aPOSSESSION | ||
| 650 | _aPUBLIC HOUSES | ||
| 650 | _aRENT ARREARS | ||
| 650 | _aTIE PROVISIONS | ||
| 650 | _aTIED HOUSES | ||
| 650 | _aTREATY OF ROME ART 85 | ||
| 690 | _aLANDLORD AND TENANT-CASE LAW-BUSINESS TENANCIES | ||
| 942 | _n0 | ||
| 948 | _c04/03/1997 | ||
| 999 |
_c45614 _d45614 |
||